Gemeinden am Neusiedler See - Statistiken

Allgemein
  • Dieses Quiz wurde 26 mal gespielt
  • Das Durchschnittsergebnis liegt bei 8 aus 13
Antwortstatistiken
Bezirk Gemeinde % Korrekt
Neusiedl Neusiedl am See
95%
Rust Rust
90%
Neusiedl Illmitz
80%
Neusiedl Podersdorf am See
75%
Eisenstadt Mörbisch am See
70%
Neusiedl Weiden am See
55%
Neusiedl Apetlon
50%
Neusiedl Jois
50%
Eisenstadt Donnerskirchen
45%
Neusiedl Winden am See
45%
Eisenstadt Purbach am Neusiedler See
40%
Eisenstadt Oggau am Neusiedler See
35%
Eisenstadt Breitenbrunn
30%
Keine übereinstimmenden Quizze gefunden
Verteilung der Resultate
Anzahl Personen mit jedem Resultat
Perzentil nach korrekt beantworteten Fragen
Ihre Resultats-Entwicklung
Sie haben dieses Quiz noch nicht gespielt